[Event "Arvier op 2nd"]
[Site "Arvier"]
[Date "2015.07.30"]
[Round "5"]
[White "Gromovs, Sergejs"]
[Black "Bettera, Roberto"]
[Result "1-0"]
[WhiteElo "2123"]
[BlackElo "1951"]
[PlyCount "73"]
[EventDate "2015.07.26"]
[EventType "swiss"]
[EventRounds "7"]
[EventCountry "ITA"]
[SourceTitle "EXT 2016"]
[Source "ChessBase"]
[SourceDate "2015.10.08"]
[SourceVersion "1"]
[SourceVersionDate "2015.10.08"]
[SourceQuality "1"]

1. d4 Nf6 2. c4 g6 3. Nc3 Bg7 4. g3 d6 5. Bg2 0-0 6. Nf3 Nbd7 7. 0-0 e5 8. e3 Qe7 9. b3 Re8 10. a4 a5 11. Ba3 h6 12. Nb5 Qd8 13. Rc1 e4 14. Nd2 Nf8 15. d5 b6 16. Nd4 Bd7 17. Qc2 Qe7 18. Nc6 Bxc6 19. dxc6 g5 20. Bb2 N8h7 21. h3 h5 22. Bd4 Qe6 23. Qb2 Bf8 24. Rce1 g4 25. h4 Be7 26. Qc2 Bd8 27. Rb1 d5 28. cxd5 Qxd5 29. Rfd1 Qe6 30. Bf1 Nf8 31. Bb5 Rb8 32. b4 axb4 33. Rxb4 Nd5 34. Rbb1 Ng6 35. Bc4 Qf5 36. Rb5 Nge7 37. Qb3 1-0

[Event "Arvier op 2nd"]
[Site "Arvier"]
[Date "2005.04.20"]
[Round "4"]
[White "Bettera, Roberto"]
[Black "Karl, Hans"]
[Result "0-1"]
[WhiteElo "1892"]
[BlackElo "2294"]
[PlyCount "84"]
[EventDate "2005.04.18"]
[EventType "swiss"]
[EventRounds "9"]
[EventCountry "ITA"]
[SourceTitle "CBM 105 Extra"]
[Source "ChessBase"]
[SourceDate "2005.05.01"]
[SourceVersion "1"]
[SourceVersionDate "2005.05.01"]
[SourceQuality "1"]

1. d4 d5 2. Nf3 e6 3. e3 Nf6 4. Bd3 Nbd7 5. c3 Bd6 6. Nbd2 e5 7. dxe5 Nxe5 8. Nxe5 Bxe5 9. Nf3 Bd6 10. Qc2 0-0 11. Ng5 h6 12. Nf3 Qe7 13. 0-0 c6 14. Bd2 Bg4 15. Nd4 Ne4 16. h3 Bd7 17. Bxe4 dxe4 18. Ne2 Rae8 19. c4 Qg5 20. f4 exf3 21. Rxf3 Re7 22. Re1 Rfe8 23. Nd4 Qe5 24. Bc3 Qh2+ 25. Kf2 Re4 26. Qb1 Bc7 27. c5 Bd8 28. Rg1 Bh4+ 29. Ke2 Bg5 30. Nc2 Be6 31. b3 Bd5 32. Bd2 R4e5 33. Nd4 R5e7 34. Nf5 Bxf3+ 35. Kxf3 Re6 36. Rh1 Qe5 37. g4 Qd5+ 38. Ke2 Qg2+ 39. Kd3 g6 40. Nd6 Qd5+ 41. Kc2 Qxc5+ 42. Nc4 b5 0-1

[Event "Arvier op 2nd"]
[Site "Arvier"]
[Date "2005.04.18"]
[Round "1"]
[White "De Santis, Alessio"]
[Black "Bettera, Roberto"]
[Result "1-0"]
[WhiteElo "2248"]
[BlackElo "1892"]
[PlyCount "85"]
[EventDate "2005.04.18"]
[EventType "swiss"]
[EventRounds "9"]
[EventCountry "ITA"]
[SourceTitle "EXT 2024"]
[Source "ChessBase"]
[SourceDate "2023.10.10"]
[SourceVersion "1"]
[SourceVersionDate "2023.10.10"]
[SourceQuality "1"]

1. d4 Nf6 2. c4 c5 3. d5 d6 4. Nc3 g6 5. e4 Bg7 6. Be2 0-0 7. h4 h5 8. f3 e6 9. Bf4 exd5 10. cxd5 Na6 11. Qd2 Nc7 12. Bg5 Rb8 13. a4 a6 14. Qf4 b5 15. axb5 axb5 16. Ra7 b4 17. Nd1 Nb5 18. Bxb5 Rxb5 19. Ne2 Rb7 20. Ra8 Qe7 21. Ne3 Qe5 22. Nc4 Qxf4 23. Bxf4 Rd7 24. Bxd6 Re8 25. Kf2 Bb7 26. Rxe8+ Nxe8 27. Bf4 Ba6 28. Ne5 Rb7 29. Rc1 c4 30. Ke3 Nd6 31. Nd4 b3 32. Nec6 Nb5 33. e5 c3 34. Nxb5 cxb2 35. Rb1 Bxb5 36. Nd4 Bc4 37. d6 Kf8 38. Rxb2 Ra7 39. Kd2 Ra5 40. Kc3 Be6 41. Nxe6+ fxe6 42. Rxb3 Rc5+ 43. Kd4 1-0

[Event "Venice Autumn op-B 10th"]
[Site "Venice"]
[Date "2004.10.30"]
[Round "1"]
[White "Xia, Jie"]
[Black "Bettera, Roberto"]
[Result "1-0"]
[WhiteElo "2097"]
[BlackElo "1883"]
[PlyCount "77"]
[EventDate "2004.10.30"]
[EventType "swiss"]
[EventRounds "5"]
[EventCountry "ITA"]
[SourceTitle "EXT 2009"]
[Source "ChessBase"]
[SourceDate "2008.11.26"]
[SourceVersion "1"]
[SourceVersionDate "2008.11.26"]
[SourceQuality "1"]

1. e4 e5 2. Nf3 Nc6 3. d4 exd4 4. Bc4 Bc5 5. c3 d3 6. Qxd3 d6 7. 0-0 Nf6 8. b4 Bb6 9. a4 a6 10. h3 h6 11. Nbd2 Qe7 12. Re1 Nd7 13. Bd5 Nde5 14. Qc2 Qf6 15. Bxc6+ bxc6 16. Nd4 c5 17. bxc5 dxc5 18. a5 Ba7 19. Nf5 c4 20. Nxc4 Nxc4 21. Qa4+ Bd7 22. Qxc4 Bb5 23. Qxc7 0-0 24. Be3 Bb8 25. Qb6 Qe5 26. Ng3 Qxc3 27. Rac1 Qb3 28. Nf5 Be5 29. Qc5 Rfe8 30. Ne7+ Rxe7 31. Qxe7 Bc3 32. Red1 Bf6 33. Qb7 Re8 34. Qd5 Qa4 35. Rc7 Kh8 36. Rdc1 Qxe4 37. Qxf7 Qf5 38. Bxh6 gxh6 39. g4 1-0

[Event "Veneto-ch Quarti di Finale 64th"]
[Site "Arqua Petrarca"]
[Date "2004.05.16"]
[Round "6.21"]
[White "Bettera, Roberto"]
[Black "Bettella, Michele"]
[Result "1-0"]
[WhiteElo "1919"]
[BlackElo "1682"]
[PlyCount "73"]
[EventDate "2004.05.08"]
[EventType "swiss"]
[EventRounds "6"]
[EventCountry "ITA"]
[SourceTitle "EXT 2023"]
[Source "ChessBase"]
[SourceDate "2022.10.05"]
[SourceVersion "1"]
[SourceVersionDate "2022.10.05"]
[SourceQuality "1"]

1. d4 d5 2. Nf3 Nf6 3. e3 e6 4. Bd3 Be7 5. Nbd2 0-0 6. c3 b6 7. Ne5 Bb7 8. 0-0 c5 9. f4 Nbd7 10. Qf3 cxd4 11. exd4 a6 12. Qh3 b5 13. f5 exf5 14. Bxf5 Nb6 15. Re1 Qc7 16. Bd3 b4 17. Nf1 bxc3 18. bxc3 Na4 19. Bd2 Rac8 20. Rac1 Ba3 21. Rc2 Rb8 22. Ng3 Nb2 23. Bf5 Bc8 24. Bg5 Bxf5 25. Nxf5 Ne8 26. Bf4 Bd6 27. Nxd6 Nxd6 28. Nd7 Rfe8 29. Rf1 Rb5 30. Nf6+ Kf8 31. Nxe8 Kxe8 32. Qg3 Nbc4 33. Qxg7 Qe7 34. Bg5 Qe4 35. Rcf2 Rb1 36. Rxf7 Rxf1+ 37. Rxf1 1-0

[Event "Veneto-ch Quarti di Finale 62nd"]
[Site "Arqua Petrarca"]
[Date "2002.05.??"]
[Round "1"]
[White "Bettera, Roberto"]
[Black "Caruso, Augusto"]
[Result "0-1"]
[WhiteElo "1594"]
[BlackElo "2251"]
[PlyCount "116"]
[EventDate "2002.05.04"]
[EventType "swiss"]
[EventRounds "6"]
[EventCountry "ITA"]
[SourceTitle "EXT 2023"]
[Source "ChessBase"]
[SourceDate "2022.10.05"]
[SourceVersion "1"]
[SourceVersionDate "2022.10.05"]
[SourceQuality "1"]

1. d4 e6 2. c4 f5 3. Nf3 Nf6 4. g3 d6 5. Bg2 Be7 6. 0-0 0-0 7. b3 Qe8 8. Bb2 Qh5 9. Nbd2 Nc6 10. Qc2 g5 11. e3 f4 12. exf4 gxf4 13. Ne4 e5 14. dxe5 Nxe5 15. Nxe5 dxe5 16. gxf4 exf4 17. Nxf6+ Bxf6 18. Bd5+ Kg7 19. f3 Qg6+ 20. Qxg6+ hxg6 21. Bxf6+ Kxf6 22. Rad1 Rd8 23. Kf2 c6 24. Be4 Bf5 25. Ke2 Re8 26. Rd4 Bxe4 27. Rxe4 Rxe4+ 28. fxe4 Ke5 29. Rg1 Rh8 30. Kf3 Rh3+ 31. Kg2 Rd3 32. Kf2 Kxe4 33. Rxg6 Rd2+ 34. Kg1 Rxa2 35. h4 Rb2 36. h5 Rxb3 37. Kg2 Rb2+ 38. Kg1 Rb3 39. Kg2 f3+ 40. Kf2 Rb2+ 41. Kg1 Kf5 42. Rg7 Rg2+ 43. Rxg2 fxg2 44. h6 Kg6 45. h7 Kxh7 46. Kxg2 b5 47. cxb5 cxb5 48. Kf3 a5 49. Ke3 b4 50. Kd3 Kg6 51. Kc4 Kf5 52. Kb3 Ke4 53. Kc4 Ke3 54. Kb3 Kd3 55. Kb2 Kc4 56. Ka2 Kc3 57. Ka1 b3 58. Kb1 b2 0-1